<?xml version="1.0" encoding="UTF-8"?>
<record
    xmlns:xsi="http://www.w3.org/2001/XMLSchema-instance"
    xsi:schemaLocation="http://www.loc.gov/MARC21/slim http://www.loc.gov/standards/marcxml/schema/MARC21slim.xsd"
    xmlns="http://www.loc.gov/MARC21/slim">

  <leader>01863nam a22002417a 4500</leader>
  <controlfield tag="003">AR-RoUNCS</controlfield>
  <controlfield tag="005">20260206112940.0</controlfield>
  <controlfield tag="008">260206s    2008ag ||||| |||| 00| 0 spa d</controlfield>
  <datafield tag="020" ind1=" " ind2=" ">
    <subfield code="a">978-987-04-0992-2</subfield>
  </datafield>
  <datafield tag="040" ind1=" " ind2=" ">
    <subfield code="c">AR-RoUNCS</subfield>
    <subfield code="a">AR-RoUNCS</subfield>
  </datafield>
  <datafield tag="080" ind1=" " ind2=" ">
    <subfield code="0">82-32(821) </subfield>
  </datafield>
  <datafield tag="100" ind1="1" ind2=" ">
    <subfield code="a">De Santis, Pablo,</subfield>
    <subfield code="d">(1963-),</subfield>
    <subfield code="e">autor</subfield>
  </datafield>
  <datafield tag="245" ind1="1" ind2="3">
    <subfield code="a">El buscador de finales /</subfield>
    <subfield code="c">Pablo De Santis.</subfield>
  </datafield>
  <datafield tag="250" ind1=" " ind2=" ">
    <subfield code="a">2a ed.</subfield>
  </datafield>
  <datafield tag="260" ind1=" " ind2=" ">
    <subfield code="a">Buenos Aires :</subfield>
    <subfield code="b">Alfaguara,</subfield>
    <subfield code="c">2008.</subfield>
  </datafield>
  <datafield tag="300" ind1=" " ind2=" ">
    <subfield code="a">151 p. ;</subfield>
    <subfield code="b">22 cm.</subfield>
  </datafield>
  <datafield tag="490" ind1="0" ind2=" ">
    <subfield code="a">Serie roja</subfield>
  </datafield>
  <datafield tag="505" ind1="0" ind2=" ">
    <subfield code="a">Un caj&#xF3;n de manzanas -- La casa de Sanders -- Todo lo que viene despu&#xE9;s -- &#xA1;Interceptado! -- El fondo de los cajones -- El Palacio de los Botones -- Sanders -- Oficina de objetos perdidos -- Los n&#xFA;meros especiales -- Paciencia -- Un cuaderno amarillo -- Los objetos perdidos se pierden de verdad -- Preparativos de viaje -- Vulcandria -- Finlandia Sur -- Una pagina rota -- Paseo nocturno -- Siete cucharaditas de az&#xFA;car -- La f&#xE1;brica de disfraces  -- La habitaci&#xF3;n de la caldera -- El radioteatro de la noche -- El regreso -- Correspondencia perdida -- Dos m&#xE1;s dos -- M&#xED;ster Chan-Chan -- Los guantes -- Brum Vs. Paciencia --La decisi&#xF3;n de Salerno -- Renglones en blanco.-</subfield>
  </datafield>
  <datafield tag="520" ind1=" " ind2=" ">
    <subfield code="a">Todas las tarde despu&#xE9;s de la escuela, Juan Brum se entretiene imitando los dibujos de sus historietas favoritas. Un d&#xED;a, sin decirle nada a su madre, se presenta en la Editorial Libra, que publicaba las historietas de Cormack, su personaje preferido, para buscar trabajo. All&#xED; le ofrecen el puesto de cadete.
Sus labores en la curiosa editorial lo llevan hasta los mas rec&#xF3;nditos lugares y personajes del edificio, hasta que un d&#xED;a le encargan una misi&#xF3;n especial: llevarle un paquete a Sanders. el legendario buscador de finales.</subfield>
  </datafield>
  <datafield tag="650" ind1=" " ind2="7">
    <subfield code="a">Literatura argentina</subfield>
    <subfield code="2">embne</subfield>
  </datafield>
  <datafield tag="655" ind1=" " ind2="7">
    <subfield code="2">embne</subfield>
    <subfield code="a">Novelas juveniles</subfield>
  </datafield>
  <datafield tag="942" ind1=" " ind2=" ">
    <subfield code="2">udc</subfield>
    <subfield code="c">OG</subfield>
    <subfield code="n">0</subfield>
  </datafield>
  <datafield tag="999" ind1=" " ind2=" ">
    <subfield code="c">882</subfield>
    <subfield code="d">882</subfield>
  </datafield>
  <datafield tag="952" ind1=" " ind2=" ">
    <subfield code="0">0</subfield>
    <subfield code="1">0</subfield>
    <subfield code="2">udc</subfield>
    <subfield code="4">0</subfield>
    <subfield code="7">0</subfield>
    <subfield code="8">CG</subfield>
    <subfield code="a">ESOCIALES</subfield>
    <subfield code="b">ESOCIALES</subfield>
    <subfield code="d">2026-02-06</subfield>
    <subfield code="l">0</subfield>
    <subfield code="o">82-32(821) SA236</subfield>
    <subfield code="p">000216</subfield>
    <subfield code="r">2026-02-06 11:30:13</subfield>
    <subfield code="w">2026-02-06</subfield>
    <subfield code="y">OG</subfield>
  </datafield>
</record>
